Normal view MARC view

Entry Nombre personal

Number of records used in: 1

001 - NÚMERO DE CONTROL

  • campo de control: 241823

003 - IDENTIFICADOR DE NÚMERO DE CONTROL

  • campo de control: SpMaBN

005 - FECHA Y HORA DE LA ÚLTIMA TRANSACCIÓN

  • campo de control: 20250818031441.0

008 - ELEMENTOS DE DATO DE LONGITUD-FIJA

  • campo de control de longitud fija: 090528n|#azznnaabn |n aaa ##

024 7# - IDENTIFICADOR DE OTROS ESTÁNDARES

  • Número estándar o código: http://www.wikidata.org/entity/Q3725171
  • Fuente: wikidata

024 7# - IDENTIFICADOR DE OTROS ESTÁNDARES

  • Número estándar o código: http://viaf.org/viaf/3898166/
  • Fuente: viaf

024 7# - IDENTIFICADOR DE OTROS ESTÁNDARES

  • Número estándar o código: https://isni.org/isni/0000000122758486
  • Fuente: isni

040 ## - FUENTE DE CATALOGACIÓN

  • Centro catalogador/agencia de origen: SpMaBN
  • Lengua de catalogación: spa
  • Centro/agencia transcriptor: SpMaBN
  • Normas de descripción: rdc
  • Convención/Normas de encabezamiento de materia/tesauro: embne

046 ## - FECHAS CON CODIFICACIÓN ESPECIAL

  • Fecha de nacimiento: 1587
  • Fecha de la muerte: 1649

100 1# - ENCABEZAMIENTO-NOMBRE DE PERSONA

  • Nombre de persona: Porter, Endymion,
  • Fechas asociadas al nombre: 1587-1649

374 ## - OCUPACIÓN

  • Ocupación: Diplomáticos
  • Ocupación: Politicos
  • Fuente de información: Wikidata

375 ## - GÉNERO/SEXO

  • Género: Masculino
  • Fuente de información: Wikidata

400 1# - TRAZADO DE VÉASE--NOMBRE DE PERSONA

  • Nombre de persona: Bristol, Endymion Porter,
  • Títulos y otros términos asociados al nombre: Count,
  • Fechas asociadas al nombre: 1587–1649

400 1# - TRAZADO DE VÉASE--NOMBRE DE PERSONA

  • Nombre de persona: Bristol, Endimion Porter,
  • Títulos y otros términos asociados al nombre: Conde,
  • Fechas asociadas al nombre: 1587–1649

670 ## - FUENTE DE DATOS ENCONTRADOS

  • Cita de la fuente: Van Dyck, retratos de van Dyck y de su protector el Conde de Bristol, [ca. 1867]

670 ## - FUENTE DE DATOS ENCONTRADOS

  • Cita de la fuente: WWW Museo Nacional del Prado, 28-5-2009:
  • Información encontrada: (1587-1649)